Feasibility study of solar trubine working on organic rankine cycle furnishing 100 wattes output (Record no. 322992)

000 -LEADER
fixed length control field 00416 a2200133 4500
001 - CONTROL NUMBER
control field 87919
082 ## - DEWEY DECIMAL CLASSIFICATION NUMBER
Classification number PR 257
090 ## - LOCALLY ASSIGNED LC-TYPE CALL NUMBER (OCLC); LOCAL CALL NUMBER (RLIN)
-- 41386
-- 41386
100 ## - MAIN ENTRY--PERSONAL NAME
Personal name Mohainmen Sabri M.; Anwar Muhammad prof
245 ## - TITLE STATEMENT
Title Feasibility study of solar trubine working on organic rankine cycle furnishing 100 wattes output
Number of part/section of a work G-66
260 ## - PUBLICATION, DISTRIBUTION, ETC.
Place of publication, distribution, etc. Risalpur
Name of publisher, distributor, etc. NUST
Date of publication, distribution, etc. 2009
300 ## - PHYSICAL DESCRIPTION
Extent xiii, 93 p.
Accompanying material with CD
500 ## - GENERAL NOTE
General note BE project reports AE
942 ## - ADDED ENTRY ELEMENTS (KOHA)
Institution code [OBSOLETE] CAE NUST
Call number prefix PR 257
Holdings
Withdrawn status Lost status Damaged status Not for loan Collection code Permanent Location Current Location Date acquired Total Checkouts Full call number Barcode Date last seen Price effective from Koha item type
          College of Aeronautical Engineering (CAE) College of Aeronautical Engineering (CAE) 04/03/2017   PR 257 CAEPR-257 04/05/2017 04/05/2017 Book
© 2023 Central Library, National University of Sciences and Technology. All Rights Reserved.